Southville International School and Colleges
Your cart is empty.
  • Cart
  • Lists
    Public lists Eva Luna New books Lux_list list_1
    Your lists Log in to create your own lists
  • Log in to your account
  • Your cookies
  • Search history
Southville International School and Colleges
  • Advanced search
  • Recent comments
  • Most popular
  • Libraries

Log in to your account

Log in with GOOGLE


If you do not have an external account, but do have a local account, you can still log in:

  1. Home
  2. MARC view: Eric carle's treasury of classic stories for children /
Normal view MARC view ISBD view

Eric carle's treasury of classic stories for children / (Record no. 12472)

[ view plain ]
MARC details
000 -LEADER
fixed length control field 00585nam a22002057a 4500
003 - CONTROL NUMBER IDENTIFIER
control field OSt
005 - DATE AND TIME OF LATEST TRANSACTION
control field 20140310182355.0
008 - FIXED-LENGTH DATA ELEMENTS--GENERAL INFORMATION
fixed length control field 131001t xxu||||| |||| 00| 0 eng d
020 ## - INTERNATIONAL STANDARD BOOK NUMBER
International Standard Book Number 9780590502139
050 ## - LIBRARY OF CONGRESS CALL NUMBER
Classification number PZ 8.
Item number C2214Es 1988
082 ## - DEWEY DECIMAL CLASSIFICATION NUMBER
Classification number GS 808.83
Item number C192 1988
100 ## - MAIN ENTRY--PERSONAL NAME
Personal name Carle, Eric
9 (RLIN) 1464
245 ## - TITLE STATEMENT
Title Eric carle's treasury of classic stories for children /
Statement of responsibility, etc Eric Carle.
260 ## - PUBLICATION, DISTRIBUTION, ETC. (IMPRINT)
Place of publication, distribution, etc New York :
Name of publisher, distributor, etc Scholastic Inc,
Date of publication, distribution, etc c1988.
300 ## - PHYSICAL DESCRIPTION
Extent 154 p. :
Other physical details ill, ;
Dimensions 28 cm.
541 ## - IMMEDIATE SOURCE OF ACQUISITION NOTE
-- 1
562 ## - COPY AND VERSION IDENTIFICATION NOTE
Number of copies 1
650 ## - SUBJECT ADDED ENTRY--TOPICAL TERM
Topical term or geographic name as entry element Stories
General subdivision classic
9 (RLIN) 22316
942 ## - ADDED ENTRY ELEMENTS (KOHA)
Source of classification or shelving scheme Library of Congress Classification
Koha item type
Holdings
Withdrawn status Lost status Source of classification or shelving scheme Damaged status Home library Current library Shelving location Date acquired Total Checkouts Full call number Barcode Date last seen Copy number Price effective from Koha item type
    Library of Congress Classification   Luxembourg Library Luxembourg Library Grade School Section 10/01/2013   PZ 8. C2214Es 1976 6580 05/27/2015 1 10/03/2013 Books

Eric carle's treasury of classic stories for children /

APA

Carle E., . (1988). Eric carle's treasury of classic stories for children. New York: Scholastic Inc.

Chicago

Carle Eric, . 1988. Eric carle's treasury of classic stories for children. New York: Scholastic Inc.

Harvard

Carle E., . (1988). Eric carle's treasury of classic stories for children. New York: Scholastic Inc.

MLA

Carle Eric, . Eric carle's treasury of classic stories for children. New York: Scholastic Inc. 1988.

  • Place hold
  • Print
  • Cite
  • Add to your cart (remove)
  • Save record
    BIBTEX Dublin Core MARCXML MARC (non-Unicode/MARC-8) MARC (Unicode/UTF-8) MARC (Unicode/UTF-8, Standard) MODS (XML) RIS
  • More searches
    Search for this title in:
    Other Libraries (WorldCat) Other Databases (Google Scholar) Online Stores (Bookfinder.com) Open Library (openlibrary.org)

Exporting to Dublin Core...

SOUTHVILLE LIBRARY

Southville International School and Colleges Library

1281 Tropical Ave. Cor. Luxembourg St., BF Homes International, Las Pinas City

Tel. No. 8256374 / 252358 Loc. 117/146

Powered by Koha